Central Library OPAC University of Rajshahi

A Passion in the Desert / (Record no. 86493)

MARC details
000 -LEADER
fixed length control field 00600nam a2200217 a 4500
001 - CONTROL NUMBER
control field 86493
003 - CONTROL NUMBER IDENTIFIER
rucl marc code BD-RjUL
005 - DATE AND TIME OF LATEST TRANSACTION
control field 20260517124910.0
008 - FIXED-LENGTH DATA ELEMENTS--GENERAL INFORMATION
fixed length control field 260517s1898 fr ||||| |||| 00| 0 eng d
035 ## - SYSTEM CONTROL NUMBER
System control number (BD-RjUL)86493
040 ## - CATALOGING SOURCE
Original cataloging agency BD-RjUL
Language of cataloging eng
Transcribing agency BD-RjUL
041 ## - LANGUAGE CODE
Language code of text/sound track or separate title eng
082 ## - DEWEY DECIMAL CLASSIFICATION NUMBER
Edition number 23
Classification number 843.7
Author mark and year BAP 1898
100 ## - MAIN ENTRY--PERSONAL NAME
Personal name Balzac, Honoré de
9 (RLIN) 18495
245 ## - TITLE STATEMENT
Title A Passion in the Desert /
Statement of responsibility, etc. by Honoré de Balzac
250 ## - EDITION STATEMENT
Edition statement Caxton ed.
260 ## - PUBLICATION, DISTRIBUTION, ETC. (IMPRINT)
Place of publication, distribution, etc. London :
Name of publisher, distributor, etc. The Caxton Publishing Company,
Date of publication, distribution, etc. 1898
300 ## - PHYSICAL DESCRIPTION
Pagination 372 p. :
Illustrations ill.;
Size 22 cm.
650 ## - SUBJECT ADDED ENTRY--TOPICAL TERM
Topical term or geographic name as entry element French fiction
9 (RLIN) 18499
942 ## - ADDED ENTRY ELEMENTS (KOHA)
Source of classification or shelving scheme Dewey Decimal Classification
Koha item type Books
Holdings
Lost status Source of classification or shelving scheme Damaged status Not for loan Collection code Permanent Location Current Location Shelving location Date acquired Source of acquisition Cost, normal purchase price Total Checkouts Full call number Date last seen Copy number Koha item type
  Dewey Decimal Classification   Not For Loan Fiction Central Library, University of Rajshahi Central Library, University of Rajshahi Reading Room 20/11/1956 B.H. Black Well 10.10   843.7 BAP 1898 17/05/2026 C-1 Books